| 000 | 01004nam2a2200229 4500 | ||
|---|---|---|---|
| 001 | RU\NLR\BIBL_A\011315128 | ||
| 005 | 20200207103233.0 | ||
| 035 | _a(NLR Aleph) 011315128 | ||
| 090 |
_a11043705 _c11043705 |
||
| 100 | _a20170124d1938 c y0rusy50 ca | ||
| 101 | 0 | _ainh | |
| 102 | _aRU | ||
| 105 | _aac z 000 y | ||
| 200 | 0 |
_aДакъа 2 _e4-ча классана _fоттадаьраш С. Озиеви, И. Оздоеви |
|
| 210 | _d1938 | ||
| 215 |
_a138 с. _cил., портр. |
||
| 461 | 0 |
_1001RU\NLR\BIBL_A\011315127 _12001#$aЛитературни хрестомати$eюххьерча школен$vДакъа 2 _911043699 _cШолж-ГIала _d1938 _nНохчгIалгIпачхьалкхиздат _oюххьерча школен _tЛитературни хрестомати _vДакъа 2 |
|
| 702 | 1 |
_aОзиев _bС. И. _f1904-2002 _gСалман Исмаилович _4220 |
|
| 852 |
_aNLR _bОНЛ _jИнгуш./3-333 |
||
| 942 | _cBOOK | ||
| 980 | _aNB | ||